header

World of Warcraft and philosophy (Record no. 202130)

MARC details
000 -LEADER
fixed length control field 01339nam a22003374a 4500
082 04 - DEWEY DECIMAL CLASSIFICATION NUMBER
Classification number 794.801
245 00 - TITLE STATEMENT
Title World of Warcraft and philosophy
260 ## - PUBLICATION, DISTRIBUTION, ETC. (IMPRINT)
Place of publication Chicago :
Name of publisher Open Court,
Year of publication c2009.
300 ## - PHYSICAL DESCRIPTION
Number of Pages viii, 252 p. :
Other physical details ill.
490 1# - SERIES STATEMENT
Series statement Popular culture and philosophy ;
650 #0 - SUBJECT ADDED ENTRY--TOPICAL TERM
Topical Term Computer games
700 1# - ADDED ENTRY--PERSONAL NAME
Personal name Cuddy, Luke,
Personal name Nordlinger, John,
856 40 - ELECTRONIC LOCATION AND ACCESS
Uniform Resource Identifier http://site.ebrary.com/lib/rucke/Doc?id=10400424

No items available.

© 2026 Rongo University
Contact us: librarian | system librarian | Rongo university